|
|
|
|
| LEADER |
00000nam0a2200000 4500 |
| 001 |
141803 |
| 005 |
20231031142539.0 |
| 010 |
|
|
|a 0387952136
|
| 035 |
|
|
|a (RuTPU)RU\TPU\book\153701
|
| 090 |
|
|
|a 141803
|
| 100 |
|
|
|a 20080827d2002 k y0engy50 ba
|
| 101 |
0 |
|
|a eng
|
| 102 |
|
|
|a US
|
| 105 |
|
|
|a a z 001zy
|
| 200 |
1 |
|
|a Principles of Secure Network Systems Design
|f S. Ghosh
|
| 210 |
|
|
|a New York
|c Springer
|d 2002
|
| 215 |
|
|
|a 205 p.
|c il.
|
| 320 |
|
|
|a References: p. 193-205.
|
| 320 |
|
|
|a Index: p. 207-209.
|
| 610 |
1 |
|
|a вычислительная техника
|
| 610 |
1 |
|
|a вычислительные сети
|
| 610 |
1 |
|
|a вычислительные системы
|
| 610 |
1 |
|
|a информационная безопасность
|
| 610 |
1 |
|
|a компьютерная безопасность
|
| 610 |
1 |
|
|a английский язык
|
| 675 |
|
|
|a 681.3.067
|v 3
|
| 700 |
|
1 |
|a Ghosh
|b S.
|g Sumit
|
| 801 |
|
1 |
|a RU
|b 63413507
|c 20080827
|g PSBO
|
| 801 |
|
2 |
|a RU
|b 63413507
|c 20080924
|g PSBO
|
| 942 |
|
|
|c BK
|